| Tag |
First Indicator |
Second Indicator |
Subfields |
| LEADER |
00000cam a2200000 4500 |
| 001 |
in00003823607 |
| 005 |
20190415190023.0 |
| 006 |
m o d |
| 007 |
cr |n||||||||n |
| 008 |
891120s1780 enk|||| o 00| ||eng c |
| 035 |
|
|
|a (CU-RivES)T196509
|
| 035 |
|
|
|a (Uk-ES)006291103
|
| 035 |
|
|
|a (OCoLC)509618483
|
| 040 |
|
|
|a Uk-ES
|c Uk-ES
|d CStRLIN
|d Cengage Gale
|d UtOrBLW
|
| 245 |
0 |
0 |
|a Two epitaphs.
|
| 264 |
|
1 |
|a [Salisbury] :
|b Fowler, printer, Salisbury,
|c [1780?]
|
| 300 |
|
|
|a 1 online resource (1 sheet)
|
| 336 |
|
|
|a text
|b txt
|2 rdacontent
|
| 337 |
|
|
|a computer
|b c
|2 rdamedia
|
| 338 |
|
|
|a online resource
|b cr
|2 rdacarrier
|
| 500 |
|
|
|a Both epitaphs are in verse; the first entitled 'On Dr. Dodd', id est Dr. William Dodd, and the second 'On a young lady'.
|
| 500 |
|
|
|a First line of verse for 'On Dr. Dodd' is "Here sleeps, inurn'd, the minister to woe,".
|
| 509 |
|
|
|a Dr. William Dodd was executed in 1777 for forgery
|
| 510 |
4 |
|
|a English Short Title Catalog,
|c T196509.
|
| 500 |
|
|
|a Reproduction of original from Bodleian Library (Oxford).
|
| 500 |
|
|
|a Electronic resource.
|
| 650 |
|
0 |
|a English poetry
|y 18th century.
|0 http://id.loc.gov/authorities/subjects/sh85043936
|
| 655 |
|
7 |
|a Electronic books.
|2 local
|
| 655 |
|
7 |
|a Single sheet verse.
|2 rbgenr
|
| 710 |
2 |
|
|a Gale (Firm)
|0 http://id.loc.gov/authorities/names/no2008071348
|
| 752 |
|
|
|a Great Britain
|b England
|d Salisbury.
|
| 856 |
4 |
0 |
|u http://proxy.library.tamu.edu/login?url=http://find.galegroup.com/ecco/infomark.do?contentSet=ECCOArticles&docType=ECCOArticles&bookId=1303209600&type=getFullCitation&tabID=T001&prodId=ECCO&docLevel=TEXT_GRAPHICS&version=1.0&source=library&userGroupName=txshracd2898
|z Connect to the full text of this electronic book
|t 0
|
| 999 |
f |
f |
|s 218592dc-d699-3ad0-8dac-0a6c551f7213
|i 8f444d0f-bb91-319c-b65a-eb21a2d4ef4b
|t 0
|
| 952 |
f |
f |
|a Texas A&M University
|b College Station
|c Electronic Resources
|d Available Online
|t 0
|h No information provided
|
| 998 |
f |
f |
|t 0
|l Available Online
|